00249nam a2200097Ia 4500008004100000100001700041245002200058260001900080300000900099650004300108190216s9999||||xx |||||||||||||| ||und|| aGopal K Puri 0aComputers For All bIims Pubc1995 a160p a"Computer Programming. Programs, Data"